One Piece - Îles - Première moitié de Grand Line - Images - Statistiques

Statistiques générales
  • Ce quiz a été pris 170 fois
  • Le résultat moyen est 12 sur 24
Statistiques - réponses
Par images Réponse % Correct
Water Seven
98%
Alabasta
97%
Drum
95%
Enies Lobby
93%
Thriller Bark
93%
Archipel des Sabaody
88%
Marineford
88%
Little Garden
82%
Jaya
71%
Kedétrav
68%
Whiskey Peak
68%
Long Ring Long Land
61%
Cap des jumeaux
56%
Baltigo
36%
Archipel de Boing
32%
Baldimore
23%
Banaro
9%
Kuraigana Island
8%
Harahettania
5%
Kyuka Island
5%
Gare de Shift
4%
Foolshout
2%
Kenzan
2%
Repaire de Duval
2%
Aucun quiz correspondant
Distribution des résultats
% des personnes avec chaque résultat
Percentile par nombre de réponses
Votre historique - résultats
Vous n’avez pas pris ce quiz